000
00310nam a22001217a 4500
082
_a
347.549109
_b
ABI
100
_a
Abid, S. A.
245
_a
The Arbitration Act, 1940:
_b
[X of 1940] /
_c
S. A. Abid
260
_a
Lahore:
_b
KLR Publications,
_c
N.A.
300
_a
21 p.
563
_a
PB.
942
_2
ddc
_c
BK
999
_c
614005
_d
614005